Rules of the High Court of Judicature for Rajasthan, 1952 and appendices (Record no. 491355)

000 -LEADER
fixed length control field 00330cam a22001097a 4500
008 - FIXED-LENGTH DATA ELEMENTS--GENERAL INFORMATION
fixed length control field 180718b1952 xxu||||| |||| 00| 0 eng d
082 ## - DEWEY DECIMAL CLASSIFICATION NUMBER
Classification number H22x5434 R137
100 ## - MAIN ENTRY--PERSONAL NAME
Personal name Rajasthan. High Court
245 ## - TITLE STATEMENT
Title Rules of the High Court of Judicature for Rajasthan, 1952 and appendices
260 ## - PUBLICATION, DISTRIBUTION, ETC.
Place of publication, distribution, etc. Jodhpur
Name of publisher, distributor, etc. The author
Date of publication, distribution, etc. 1952
300 ## - PHYSICAL DESCRIPTION
Extent 178+p
Holdings
Withdrawn status Lost status Damaged status Not for loan Permanent Location Current Location Date acquired Full call number Barcode Date last seen Price effective from Koha item type
        Indian Institute of Public Administration Indian Institute of Public Administration 2018-08-04 H22x5434 R137 G2230 2018-08-04 2018-08-04 G

Powered by Koha